Statistics for Canadian Provinces and Territories in Order of Population

Click here to take the quiz!

General Stats

  • This quiz has been taken 34 times
  • The average score is 10 of 13

Answer Stats

RankPopulationAnswer% Correct
113,448,494Ontario
97%
28,164,361Quebec
94%
34,648,055British Columbia
90%
44,067,175Alberta
84%
9519,716Newfoundland and Labrador
84%
51,278,365Manitoba
81%
61,098,352Saskatchewan
81%
10142,907Prince Edward Island
77%
7923,598Nova Scotia
71%
1335,874Yukon
68%
8747,101New Brunswick
65%
1235,944Nunavut
65%
1141,786Northwest Territories
55%

Score Distribution

Percentile by Number Answered

Percent of People with Each Score

Your Score History

You have not taken this quiz